000 00302nam a2200121Ia 4500
008 220204s9999 xx 000 0 und d
082 _a620.17
_bLEV
100 _aLevinson, Irving J
245 0 _aMechanics of materials
260 _aNew Delhi
_bPrentice Hall
_c1965
650 _aMechanics
942 _cBK
999 _c24289
_d24289